00940nam a2200205 a 450000100100000000500170001000800410002704000250006810000520009324501120014526000750025730000210033259000760035360000490042965000360047865000290051465100240054395201500056799900170071700003512420200930074123.0111025s1954 cu 000 0dspa d aDO-SdBNPbspacBNPHU1 aRoig de Leuchsenring, Emilio,d1889-196494127810aJuan Gualberto Gómez, paladín de la independencia y la libertad de Cuba /cEmilio Roig de Leuchsenring. aLa Habana :bOficina del Historiador de la Ciudad de La Habana,c1954. a139 p. ;c24 cm. aPerteneció a la biblioteca personal de Juan Isidro Jimenes Grullón.14aGÓMEZ, JUAN GUADALBERTO,d1854-193396080624aIndependentistas cubanos96080724aPatriotas cubanos960808 4aCubaxHistoria9493 0010507-18MOaGRbGRcOId2011-10-25iLF1l0o p35124-10r2020-06-25w2020-06-25y1zBiblioteca Juan Isidro Jiménes GrullónZNo se presta c34615d34615